000
00278nam a2200121Ia 4500
005
20251222141845.0
008
251222s9999||||xx |||||||||||||| ||spa||
082
_a
372.875/S26
100
_a
Sarmiento P, Alfredo
245
0
_a
Cancionero Escolar
264
_b
Ambers
942
_c
LIB
999
_c
7553
_d
7553